Statistics for Equipe de France scorers 2000-2009

Click here to take the quiz!

General Stats

  • This quiz has been taken 326 times
  • The average score is 18 of 39

Answer Stats

GoalsYearsPlayer% Correct
482000 to 2009Thierry Henry
99%
192000 to 2006Zinédine Zidane
96%
312000 to 2006David Trézéguet
88%
82007 to 2009Karim Benzema
86%
72006 to 2009Franck Ribéry
85%
62001 / 2002 / 2006Patrick Vieira
71%
242000 to 2006Sylvain Wiltord
71%
112000 / 2001 / 2005 to 2009Nicolas Anelka
69%
32000 to 2002Emmanuel Petit
66%
32005 / 2006Florent Malouda
65%
22000Laurent Blanc
65%
92000 / 2001 / 2003Robert Pirès
65%
22007Samir Nasri
57%
62000 / 2001Youri Djorkaeff
57%
12001Marcel Desailly
56%
92002 to 2005Djibril Cissé
51%
102002 to 2004 / 2006 to 2008Sidney Govou
49%
42005 / 2006 / 2009William Gallas
49%
12008Yoann Gourcuff
48%
32000 / 2002Christophe Dugarry
46%
12007Hatem Ben Arfa
46%
22008Bafétimbi Gomis
45%
42009André-Pierre Gignac
41%
42004 / 2006Louis Saha
33%
12007Jérôme Rothen
32%
32003 to 2005Ludovic Giuly
31%
12002Frank Leboeuf
27%
12000Johan Micoud
27%
12003Jean-Alain Boumsong
20%
12001Vincent Candela
20%
52001 / 2002Eric Carrière
18%
22001 / 2002Mikaël Silvestre
16%
62001 to 2004Steve Marlet
16%
12005Vikash Dhorasoo
16%
12004Peguy Luyindula
15%
12006Julien Faubert
12%
12003Olivier Dacourt
12%
12000Laurent Robert
10%
32002 / 2003Olivier Kapo
9%

Score Distribution

Percentile by Number Answered

Percent of People with Each Score

Your Score History

You have not taken this quiz